00000000nam##2200000za#4500
0019.641055
003CaOODSP
00520250403105350
007cr |||||||||||
008150407|1996||||xxc|||||o    f|0| 0 fre|d
040 |aCaOODSP|bfre
043 |an-cn---
0861 |aCS92-N0069/1996F-PDF
24500|aOrigine ethnique guide de formation |h[ressource électronique]
250 |aÉdition révisée.
260 |aOttawa - Ontario : |bStatistique Canada |c1996.
500 |aPublication du recensement historique numérisé par Statistique Canada.
590 |a12-44-Supp|b2012-12-13
69107|aGroupe ethnique|2gcpds
69107|aRecensement|2gcpds
7102 |aStatistique Canada.
77508|tEthnic origin training guide |w(CaOODSP)9.696981
85640|ahttp://publications.gc.ca|qPDF|s1519 Ko|uhttps://publications.gc.ca/collections/collection_2012/statcan/rh-hc/CS92-N0069-1996-fra.pdf